Datum a čas kvízu

18.5 Celkem bodů Celkový počet nahraných bodů na tomto kvízu bez doplňovacích otázek.
13. Pořadí na kvízu Konečné umístění týmu na tomto kvízu.

Zaznamenané odpovědi

# Otázka Odpověď Body Výsledky
1. "Po ___ společných letech plný... třiceti 0
2. Parlament jednoho evropského s... Spojené království (Velká Británie) 0
3. Česká televize zveřejnila jmén... Chili 0
4. Společnost Skytrax každoročně... Katar 0
5. Ligová fotbalová asociace zveř... Chance 1
6. Jihoafrická republika má de fa... Kapské město; Bloemfontein 0
7. Chemický prvek hafnium dostal... o Kodaň 0
8. Zatímco některé země mají hlav... o Nauru 0
9. Které malebné a nepříliš lidna... Lublaň 0
10. Kazachstán drží rekord v přejm... Astana; Nur-Sultan 0.5